000 00374nam a2200169Ia 4500
008 240830s1913 xx 000 0 und d
041 _amar
082 _a1
100 _aPADHE
245 _aSART SHRICARAK SAMHITA-5
250 _a1
260 _aSANGAI
_bN.D.
_c1913
300 _a100p
440 _vIV
906 _aSART SHRICARAK SAMHITA-5
999 _c1183945
_d1183945